Antagonismos y disenso: tensiones y límites en la construcción mediática de la política en Venezuela /
Salvato in:
| Autore principale: | |
|---|---|
| Altri autori: | |
| Natura: | testo |
| Tags: |
Aggiungi Tag
Nessun Tag, puoi essere il primo ad aggiungerne!!
|
MARC
| LEADER | 00000 a a2200000 04500 | ||
|---|---|---|---|
| 001 | 46493 | ||
| 003 | |||
| 040 | |||
| 100 | |a Sibrian, Nairbis | ||
| 245 | |a Antagonismos y disenso: |b tensiones y límites en la construcción mediática de la política en Venezuela / |c Nairbis Sibrian, Mario Millones Espinosa | ||
| 700 | |a Millones Espinosa, Mario | ||
| 773 | |g volumen17, número46 ( , 2013), páginas 49-65: tabla, gráficos | ||
| 999 | |c 38396 |d 38396 | ||
